Fundamentals of anatomy and physiology.(3rd ed.) (Record no. 31474)

MARC details
000 -LEADER
fixed length control field 00671nam a2200181 a 4500
008 - FIXED-LENGTH DATA ELEMENTS--GENERAL INFORMATION
fixed length control field 150825s1995 ||||||||||||||||| || u
020 ## - INTERNATIONAL STANDARD BOOK NUMBER
International Standard Book Number 9780133409369
050 ## - LIBRARY OF CONGRESS CALL NUMBER
Classification number QP 34.5 Mar
100 ## - MAIN ENTRY--PERSONAL NAME
Personal name Martini, Frederic H
245 10 - TITLE STATEMENT
Title Fundamentals of anatomy and physiology.(3rd ed.)
Statement of responsibility, etc. by Frederic H. Martini
250 ## - EDITION STATEMENT
Edition statement 3rd ed.
260 ## - PUBLICATION, DISTRIBUTION, ETC.
Place of publication, distribution, etc. New Jersey
Name of publisher, distributor, etc. Prentice Hall
Date of publication, distribution, etc. 1995
300 ## - PHYSICAL DESCRIPTION
Extent iv, 663p. :ill.
350 ## -
-- 118.69
650 #0 - SUBJECT ADDED ENTRY--TOPICAL TERM
Topical term or geographic name entry element HUMAN PHYSIOLOGY
650 #0 - SUBJECT ADDED ENTRY--TOPICAL TERM
Topical term or geographic name entry element HUMAN ANATOMY
995 ## -
-- MEDICAL LIBRARY OPEN ACCESS
-- 903100
-- CBU-SCHOOL OF MEDICINE LIBRARY (Ndola)
-- 118.69
-- QP 34.5 Mar
-- 1
-- AVAILABLE
-- Sep 11, 2015
-- 903100
-- Medical Library Open Access Collection
999 ## -
-- 31474
-- 31474
Holdings
Withdrawn status Lost status Source of classification or shelving scheme Damaged status Not for loan Permanent Location Current Location Shelving location Date acquired Total Checkouts Full call number Barcode Date last seen Price effective from Koha item type
          CBU-SCHOOL OF MEDICINE LIBRARY, NDOLA. CBU-SCHOOL OF MEDICINE LIBRARY, NDOLA.   11/30/2022   QP 34.5 Mar 903100 11/30/2022 11/30/2022 MONOGRAPH